| 000 | 01268cam a22003497a 4500 | ||
|---|---|---|---|
| 003 | CHAP | ||
| 005 | 20220329142406.0 | ||
| 008 | 001113d2000 mx o r 00110 spa d | ||
| 010 | _a82809 | ||
| 011 | _a83781 | ||
| 035 | _a94297 | ||
| 040 | _cCHAP | ||
| 090 | _aTesis | ||
| 100 | 0 | 0 |
_aVázquez González, Evilmar. _9120369 |
| 245 | 1 | 0 |
_aEtiología de una mancha foliar en frambuesa roja (Rubus idaeus L.) en México y evaluación de fungicidas in vitro _c/por Evilmar Vázquez González. |
| 260 |
_aChapingo, Méx. : _bEl autor, _c2000. |
||
| 300 |
_a46 h. : _bfots.; cuads. |
||
| 502 | _aTesis (Ing. Agr. Esp. en Parasitología Agrícola) -- UACH. Departamento de Parasitología Agrícola. | ||
| 590 |
_aALEPH _b10 _c20130110 _lUCH01 _h1439 |
||
| 590 |
_aBATCH-UPD _b10 _c20130110 _lUCH01 _h0813 |
||
| 590 |
_aBATCH-UPD _b10 _c20130410 _lUCH01 _h0450 |
||
| 590 |
_aBATCH-UPD _b10 _c20130914 _lUCH01 _h1435 |
||
| 590 |
_aCONVERSION _b10 _c20130109 _lUCH01 _h1346 |
||
| 650 | 1 | 4 |
_aFrambuesa _xEnfermedades. _942873 |
| 650 | 1 | 4 |
_aFungicidas. _944044 |
| 650 | 1 | 4 |
_aHongos _xMéxico (Edo.) _956109 |
| 901 | _aBK | ||
| 905 | _aEdna Luz | ||
| 942 | _cFOLL | ||
| 949 |
_bBC _cTES _d33724000803052 _eTS2 _fc.2 _h37436 _i94297 _si |
||
| 949 |
_bBC _cTES _d942971 _eTS1 _h37435 _i94297 _sb |
||
| 999 |
_c82809 _d82809 |
||